[Event "Krefeld op"]
[Site "Krefeld"]
[Date "2023.08.05"]
[Round "6"]
[White "Wachsmann, Dietmar"]
[Black "Bruens, Thilo"]
[Result "1-0"]
[WhiteElo "2016"]
[BlackElo "1763"]
[PlyCount "87"]
[EventDate "2023.08.02"]
[EventType "swiss"]
[EventRounds "9"]
[EventCountry "GER"]
[SourceTitle "CBM 215 Extra"]
[Source "ChessBase"]
[SourceDate "2023.09.30"]
[SourceVersion "1"]
[SourceVersionDate "2023.09.30"]
[SourceQuality "1"]

1. e4 c5 2. Nf3 g6 3. d4 cxd4 4. Nxd4 Bg7 5. c4 Nc6 6. Be3 Nf6 7. Nc3 0-0 8. Be2 d6 9. 0-0 Bd7 10. Qd2 Nxd4 11. Bxd4 Bc6 12. f3 Nd7 13. Be3 a5 14. b3 Nc5 15. Rab1 Qc7 16. Rfd1 f5 17. exf5 Rxf5 18. Bf1 Nd7 19. Bd3 Rf7 20. Ne4 Ne5 21. Ng5 Rf6 22. Bd4 Nxd3 23. Qxd3 e5 24. Bf2 Re8 25. Ne4 Bxe4 26. Qxe4 Qc6 27. Qd5+ Qxd5 28. Rxd5 e4 29. Re1 Rfe6 30. Rxe4 Rxe4 31. fxe4 Rxe4 32. Kf1 a4 33. Rxd6 axb3 34. axb3 Re7 35. Rd8+ Kf7 36. Bc5 Re5 37. Rd7+ Kg8 38. Rxg7+ Kxg7 39. Bd4 Kf6 40. Kf2 Ke6 41. Bxe5 Kxe5 42. Ke3 g5 43. g4 b6 44. b4 1-0